Commonwealth on a Map Quiz Stats

 Plays Quiz Updated Jul 2, 2018

Challenge
Share
Tweet
Score 0/53 Timer 07:00
22 Plays Today
% Correct
Canada
99.3%
Australia
97.4%
India
97%
United Kingdom
95.6%
South Africa
94.9%
New Zealand
94.7%
Pakistan
90.7%
Sri Lanka
85%
Jamaica
84.9%
Bangladesh
83.5%
Kenya
82.4%
Malta
81.5%
Bahamas
80.9%
Malaysia
80.7%
Papua New Guinea
79.8%
Lesotho
79.3%
Nigeria
78.5%
Belize
78.1%
Fiji
77.8%
Singapore
77.1%
Guyana
76.3%
Ghana
74.7%
Seychelles
74.3%
Tanzania
74.1%
Namibia
74%
St. Kitts & Nevis
74%
Trinidad & Tobago
72.9%
% Correct
eSwatini
72.8%
Botswana
72.4%
Zambia
72.4%
Uganda
72.3%
Barbados
71.9%
Cyprus
71.3%
Mozambique
71%
Rwanda
70.9%
Samoa
67.7%
Cameroon
67.2%
Brunei
66.2%
St. Lucia
66.1%
Tonga
65.9%
Mauritius
65.7%
The Gambia
65.6%
St. Vincent & the Grenadines
65%
Vanuatu
63.7%
Solomon Islands
63.6%
Tuvalu
63.4%
Antigua & Barbuda
63.4%
Dominica
63%
Malawi
62.6%
Sierra Leone
62.3%
Grenada
61.9%
Nauru
61.5%
Kiribati
60.2%

You're not logged in!

Compare scores with friends on all Sporcle quizzes.
OR
Log In

You Might Also Like...

Show Comments

Extras

Top Quizzes Today


Score Distribution

Your Account Isn't Verified!

In order to create a playlist on Sporcle, you need to verify the email address you used during registration. Go to your Sporcle Settings to finish the process.

Report this User

Report this user for behavior that violates our Community Guidelines.

Details: